| 000 | 00833nam a2200217Ia 4500 | ||
|---|---|---|---|
| 003 | GCL | ||
| 008 | 140319s9999 xx 000 0 ara d | ||
| 040 |
_aGCL / _cGCL |
||
| 082 | 0 | 4 |
_a925 _bز أ |
| 100 | 1 | _aزهير حميدان | |
| 245 | 1 | 0 |
_aاعلام الحضارة العربية الاسلامية فى العلوم الاساسية والتطبيقية / _cزهير حميدان |
| 250 | _aالاولى | ||
| 260 |
_aسوريا : _bمنشورات وزارة الثقافة ، _c1995 |
||
| 300 |
_aمتعدد ؛ _c24سم |
||
| 650 | 0 | 4 | _aالحضارة العربية الاسلامية - المعارف البحرية |
| 650 | 0 | 4 | _aالعلوم عند العرب |
| 650 | 0 | 4 | _aالعلماء المسلمون |
| 650 | 0 | 4 | _aالحضارة الاسلامية |
| 650 | 0 | 4 | _aالعلماء العرب |
| 942 |
_2ddc _cBK |
||
| 999 |
_c49930 _d49930 |
||